000 00486nam a22001817a 4500
005 20170509140802.0
010 _aENG-118093
020 _a9789382711773
_c200.00
035 _aEN-101625
037 _bDBAD/PUB
082 _aN
100 _aPonmala
245 _aConfessions of a jihadist /
_cby Ponmala
260 _aNew Delhi
_bVitasta Publishing
_c2015
270 _a2/15, Ansari Road, Daryaganj New Daryaganj-110002
300 _a234p
_c20cm.(pbk)
942 _2ddc
_cEN
_hN
_mPON
999 _c139669
_d139669